US-Staaten, die 2024 Trump (Republikaner) gewählt haben - Statistiken

Allgemein
  • Dieses Quiz wurde 103 mal gespielt
  • Das Durchschnittsergebnis liegt bei 23 aus 31
Antwortstatistiken
% für
Trump
Staat % Korrekt
56% Texas
95%
56% Florida
89%
67% North Dakota
86%
64% South Dakota
85%
58% South Carolina
82%
51% Nevada
81%
65% Alabama
80%
51% North Carolina
80%
72% Wyoming
78%
52% Arizona
77%
56% Alaska
76%
51% Georgia
75%
50% Michigan
75%
55% Ohio
75%
57% Kansas
74%
67% Idaho
73%
62% Mississippi
73%
61% Utah
73%
64% Arkansas
70%
65% Kentucky
70%
59% Montana
69%
70% West Virginia
69%
50% Wisconsin
69%
60% Nebraska
67%
66% Oklahoma
67%
59% Missouri
66%
59% Indiana
65%
56% Iowa
65%
60% Louisiana
64%
50% Pennsylvania
61%
64% Tennessee
56%
Keine übereinstimmenden Quizze gefunden
Verteilung der Resultate
Anzahl Personen mit jedem Resultat
Perzentil nach korrekt beantworteten Fragen
Ihre Resultats-Entwicklung
Sie haben dieses Quiz noch nicht gespielt